| 000 | 00946nam a22002537a 4500 | ||
|---|---|---|---|
| 005 | 20240530110443.0 | ||
| 008 | 150422s2012 su ad g b 000 0 ara d | ||
| 017 |
_a1432/8505 _bالسعودية . مكتبة الملك فهد الوطنية |
||
| 020 | _a9786038087398 | ||
| 040 | _aEG-CaGPL | ||
| 082 | 0 | 4 |
_221 _a370.154\ _bع ت |
| 100 | 0 | _aعطية عطية سيد احمد | |
| 245 | 1 | 2 |
_aالتلكؤ الاكاديمى لدى طلاب الجامعة / _cعطية عطية سيد احمد |
| 250 | _aط1 | ||
| 260 |
_aالرياض : _bدار الزهراء للنشر و التوزيع ، _c2012 . |
||
| 300 |
_a180 ص : _bجداول ؛ _c24 سم . |
||
| 504 | _aببليوجرافية : ص (165 - 177 ) | ||
| 650 | 0 | 4 |
_aالتلكؤ _xقياس |
| 650 | 0 | 4 |
_aالتلكؤ _xعلاج |
| 650 | 0 | 4 |
_aالتلكؤ _xانواع |
| 650 | 0 | 4 | _aالاجتماع ، علم |
| 942 |
_2ddc _cBK |
||
| 999 |
_c61089 _d61089 |
||